| 000 | 00881nam a2200229 a 4500 | ||
|---|---|---|---|
| 001 | 44200 | ||
| 003 | BD-RjUL | ||
| 005 | 20211209053820.0 | ||
| 008 | 160714s1961 ii ||||| |||| 00| 0 ben d | ||
| 020 | _c: Tk. 14.00 | ||
| 035 | _a(BD-RjUL)44318 | ||
| 040 |
_aBD-RjUL _bben _cBD-RjUL |
||
| 041 | _a ben | ||
| 082 |
_223 _a891.4409 _bDAB 1961 |
||
| 100 |
_aদাস, সজনীকান্ত _9135718 |
||
| 245 | 1 | 0 |
_aবাংলা গদ্যসাহিত্যের ইতিহাস / _cসজনীকান্ত দাস |
| 260 |
_aকলিকাতা : _bমিত্রালয়, _c১৯৬১ |
||
| 300 |
_a৪১৮ পৃ. ; _c২২ সেমি. |
||
| 650 |
_aবাংলা সাহিত্য _xইতিহাস ও সমালোচনা _9135719 |
||
| 650 |
_aBengali literature _xHistory and criticism _9117020 |
||
| 942 |
_2ddc _cBK _01 |
||
| 999 |
_c44200 _d44200 |
||